| 000 | 00712nam a22002177a 4500 | ||
|---|---|---|---|
| 001 | 2711 | ||
| 005 | 20250827141437.0 | ||
| 040 |
_aDLC _beng _cDLC |
||
| 050 | 0 | 0 | _aPS1499.D96 |
| 082 | _a398.8 | ||
| 100 | _aWadsworth, Olive A. | ||
| 245 | 0 | 0 |
_aOver in the meadow / _cWadsworth, Olive A. : illustrated by Jack Keats, Ezra |
| 260 |
_aNew York : _bScholastic, _c1971 |
||
| 300 |
_a20 unnumbered pages : _bcolor illustrations ; _c20 cm . |
||
| 505 | _aG | ||
| 520 | _aA variety of meadow animals pursuing their daily activities introduce the numbers one through ten. | ||
| 521 |
_a380
_bLexile |
||
| 521 |
_aG
_bRaz-Plus |
||
| 906 |
_a0 _bibc _corignew _du _encip _f20 _gy-genmusic |
||
| 942 |
_2ddc _cBK _n0 |
||
| 999 |
_c2711 _d2711 |
||